| Поле | Инд. | ПП | Название | Значение |
|---|---|---|---|---|
| Тип записи | a | |||
| Библиографический уровень | m | |||
| 001 | Контрольный номер | RU/IS/BASE/158846591 | ||
| 005 | Дата корректировки | 20250425152849.7 | ||
| 008 | Кодируемые данные | 19960828 | ||
| 040 | 00 | e | Правила каталог. | Л 960828 |
| 084 | a | Индекс другой классификации/Индекс ББК | 26.314я73; 26.304я73; 26.304.25я73 | |
| 090 | 00 | a | Полочн. индекс | 26.314я73 испр. |
| x | Авторский знак | П 31 | ||
| 097 | 00 | a | 230 | |
| 100 | 1_ | a | Автор | Маракушев А. А. |
| 100 | 1_ | a | Автор | Емельяненко П. Ф. |
| 100 | 1_ | a | Автор | Кузнецов И. Е. |
| 100 | 1_ | a | Автор | Ракчеев А. Д. |
| 100 | 1_ | a | Автор | Соболев Р. Н. |
| 100 | 1_ | a | Автор | Фролова Т. И. |
| 100 | 1_ | a | Автор | Фельдман В. И. |
| 100 | 1_ | a | Автор | Феногенов А. Н. |
| 100 | 1_ | a | Автор | Штейнберг Д. С. |
| 100 | 1_ | a | Автор | Яковлева Е. Б. |
| 100 | 1_ | a | Автор | Гущин А. В. |
| 245 | 00 | a | Заглавие | Петрография |
| b | Продолж. заглавия | учебник для студентов геологических специальностей вузов | ||
| c | Ответственность | под редакцией А. А. Маракушева | ||
| n | Номер части/ раздела | Ч.2 | ||
| 260 | 00 | a | Место издания | Москва |
| b | Издательство | Издательство Московского университета | ||
| c | Дата издания | 1981 | ||
| 300 | 00 | a | Объем | 328 с. |
| b | Иллюстрации/ тип воспроизводства | ил. | ||
| 336 | a | Термин вида содержания | Текст | |
| 337 | a | Термин типа средства | непосредственный | |
| 504 | a | Библиография | Лит.: с. 323. - Алф. указ. пород: с. 324 | |
| 521 | 0_ | a | Примеч. о целев. назн. | студенты |
| 650 | 04 | a | Основная рубрика | геология |
| a | Основная рубрика | науки о Земле | ||
| a | Основная рубрика | петрология (петрография) | ||
| 653 | 00 | a | Ключевые слова | вулканические породы |
| a | Ключевые слова | горные породы | ||
| a | Ключевые слова | кислые породы | ||
| a | Ключевые слова | основные породы | ||
| a | Ключевые слова | пироксениты | ||
| a | Ключевые слова | плутонические породы | ||
| a | Ключевые слова | происхождение | ||
| a | Ключевые слова | средние породы | ||
| a | Ключевые слова | ультраосновные породы | ||
| a | Ключевые слова | фельдшпатоидные породы | ||
| 655 | 00 | a | Жанр/ форма (устаревшее) | учебное пособие |
| 901 | t | Тип документа | m | |
| 952 | a | Тип литературы для КСУ ВШ | УИ | |
| 954 | a | Гриф | 1.8.1 |